000 00577nam a2200169 i 4500
001 22925
003 ES-MaACL
005 20250717065806.0
007 t|
008 021205s1889 sp ||||1| spa d
100 1 _aÁlvarez Sereix, Rafael,
_d1856-1946
_920966
245 1 3 _aSolemnidad académica
_b: acerca de la recepción de D. Juan Vilanova en la R. Academia de la Historia /
_cRafael Alvarez Sereix.
260 _aMadrid :
_b[s.n.],
_c1889.
710 2 _aReal Academia de la Historia (España)
_96309
852 _aES-MaACL
_jT-610-F-5
999 _c22925
_d22925